<?xml version="1.0" encoding="UTF-8"?>
<record
    xmlns:xsi="http://www.w3.org/2001/XMLSchema-instance"
    xsi:schemaLocation="http://www.loc.gov/MARC21/slim http://www.loc.gov/standards/marcxml/schema/MARC21slim.xsd"
    xmlns="http://www.loc.gov/MARC21/slim">

  <leader>01700nam a22002177a 4500</leader>
  <controlfield tag="001">5759</controlfield>
  <controlfield tag="003">FISKH</controlfield>
  <controlfield tag="005">20250120163932.0</controlfield>
  <controlfield tag="008">250120b        cb ||||| |||| 00| 0 eng d</controlfield>
  <datafield tag="020" ind1=" " ind2=" ">
    <subfield code="a">9781316631010</subfield>
  </datafield>
  <datafield tag="040" ind1=" " ind2=" ">
    <subfield code="a">FISKH</subfield>
    <subfield code="b">eng</subfield>
    <subfield code="c">FISKH</subfield>
    <subfield code="d">FISKH</subfield>
  </datafield>
  <datafield tag="082" ind1=" " ind2=" ">
    <subfield code="a">507.6</subfield>
  </datafield>
  <datafield tag="100" ind1=" " ind2=" ">
    <subfield code="a">Jones, Mary </subfield>
  </datafield>
  <datafield tag="245" ind1=" " ind2=" ">
    <subfield code="a">Cambridge IGCSE&#xAE; combined and Co-ordinated sciences coursebook with CD-Rom /</subfield>
    <subfield code="c">By Mary Jones, Richard Harwood , Ian Lodge and David Sang</subfield>
  </datafield>
  <datafield tag="260" ind1=" " ind2=" ">
    <subfield code="a">Cambridge : </subfield>
    <subfield code="b">Cambridge University Press ;</subfield>
    <subfield code="c">2017 .</subfield>
  </datafield>
  <datafield tag="300" ind1=" " ind2=" ">
    <subfield code="a">665 pages : </subfield>
    <subfield code="b">color illustrations ;</subfield>
    <subfield code="c">28 cm . </subfield>
  </datafield>
  <datafield tag="520" ind1=" " ind2=" ">
    <subfield code="a">The Cambridge IGCSE&#xAE; Combined and Co-ordinated Sciences series is tailored to the 0653 and 0654 syllabuses for first examination in 2019, and all components of the series are endorsed by Cambridge International Examinations. Cambridge IGCSE&#xAE; Combined and Co-ordinated Sciences Coursebook is tailored to the 0653 and 0654 syllabuses for first examination in 2019 and is endorsed for full syllabus coverage by Cambridge International Examinations. This interdisciplinary coursebook comprehensively covers the knowledge and skills required in these courses, with the different syllabuses clearly identified. Engaging activities in every chapter help students develop practical and investigative skills while end-of-chapter questions help to track their progress. The accompanying CD-ROM contains self-assessment checklists for making drawings, constructing and completing results tables, drawing graphs and designing experiments; answers to all the end-of-chapter questions and auto-marked multiple-choice self tests.</subfield>
  </datafield>
  <datafield tag="700" ind1=" " ind2=" ">
    <subfield code="a">Harwood, Richard </subfield>
    <subfield code="e">author </subfield>
  </datafield>
  <datafield tag="942" ind1=" " ind2=" ">
    <subfield code="2">ddc</subfield>
    <subfield code="c">BK</subfield>
    <subfield code="n">0</subfield>
  </datafield>
  <datafield tag="999" ind1=" " ind2=" ">
    <subfield code="c">5759</subfield>
    <subfield code="d">5759</subfield>
  </datafield>
  <datafield tag="952" ind1=" " ind2=" ">
    <subfield code="0">0</subfield>
    <subfield code="1">0</subfield>
    <subfield code="2">ddc</subfield>
    <subfield code="4">0</subfield>
    <subfield code="7">0</subfield>
    <subfield code="8">NFIC</subfield>
    <subfield code="a">001</subfield>
    <subfield code="b">001</subfield>
    <subfield code="c">SNS</subfield>
    <subfield code="d">2025-01-20</subfield>
    <subfield code="l">0</subfield>
    <subfield code="o">JON 507.6</subfield>
    <subfield code="p">2025-0054</subfield>
    <subfield code="r">2025-01-20 16:39:29</subfield>
    <subfield code="w">2025-01-20</subfield>
    <subfield code="y">BK</subfield>
  </datafield>
</record>
